MAASAI MARA UNIVERSITY

LIBRARY CATALOGUE

Contact Us: +254 020 2685356/7 or 0774 057787

Box: 861-20500, NAROK, KENYA

Email: info@mmarau.ac.ke

Rose M. Sheldon (Record no. 767)

MARC details
000 -LEADER
fixed length control field 00353nam a2200133Ia 4500
008 - FIXED-LENGTH DATA ELEMENTS--GENERAL INFORMATION
fixed length control field 151015s9999 xx 000 0 und d
020 ## - INTERNATIONAL STANDARD BOOK NUMBER
International Standard Book Number 8131200485
050 ## - LIBRARY OF CONGRESS CALL NUMBER
Classification number QA276.R684 2005
245 ## - TITLE STATEMENT
Title Rose M. Sheldon
250 ## - EDITION STATEMENT
Edition statement _Introductory Statistics (2nd ed )
500 ## - GENERAL NOTE
General note Includes Index
650 ## - SUBJECT ADDED ENTRY--TOPICAL TERM
Topical term or geographic name as entry element _Statistics
700 ## - ADDED ENTRY--PERSONAL NAME
Personal name ^d20110117 03:33:41^okorir

No items available.

© 2016 Maasai Mara University.